01175nab a22002537a 4500999001500000003000400015005001700019008004100036040000700077100003300084245009900117260007200216300001300288500003500301505018900336505009000525650002600615650003000641650003100671650003600702650003100738773013900769942001300908 c5324d5324OSt20250220113955.0190605e xxu||||| |||| 00| 0 spa d cPJ 96168aSalgado, José Manuel13aEl art. 30 de la LCT con relación a los entes de derecho público /cJosé Manuel Salgado. aCiudad Autónoma de Buenos Aires :bThomson Reuters La Ley,c2025. ap. 46-52 aCita Online: AR/DOC/2624/2024. aSumario: I. Introducción.— II. Criterio de la Corte Suprema de Justicia de la Nación.— III. Doctrina de la Suprema Corte de Justicia de la Pcia. de Bs. As.— IV. Conclusión. t¿Te interesa el texto completo? Solicitalo al correo: koha@justierradelfuego.gov.ar  091316aDERECHO LABORAL 091323aCONTRATO DE TRABAJO 094948aEMPLEADOS PÚBLICOS 094951aRESPONSABILIDAD SOLIDARIA 091803aRELACIONES LABORALES0 0271193168dCiudad Autónoma de Buenos Aires : Thomson Reuters La Ley, 1999-2002.tRevista de derecho del trabajo. Nº 1 - Enero 2025 2udccANA